| 000 | 00839nam a2200265Ia 4500 | ||
|---|---|---|---|
| 003 | OSt | ||
| 005 | 20221005062428.0 | ||
| 006 | a|||||r|||| 00| 0 | ||
| 007 | ta | ||
| 008 | 221004b |||||||| |||| 00| 0 eng d | ||
| 020 |
_a9781783483457 (pbk) _cUKP 24.95 |
||
| 024 | _a28923 | ||
| 037 |
_b50126, 09/03/2017, Segment Book Distributors _cTextual |
||
| 040 |
_aCRL _cCRL _beng |
||
| 041 |
_2eng _aeng |
||
| 082 | _aR841, Q6 | ||
| 100 |
_aMcLeod Alexus Au. _9601826 |
||
| 245 | 0 | _aTheories of truth in Chinese philosophy Alexus McLeod | |
| 260 |
_aLondon _bRowman & Littlefield UK _c2016 |
||
| 300 |
_axviii,198p. _ccm. |
||
| 650 |
_a CHINESE PHILOSOPHY _9570487 |
||
| 650 | _aPHILOSOPHY | ||
| 942 |
_hR841, Q6 _cTEXL _2cc |
||
| 999 |
_c969696 _d969696 |
||